Acciones de las administraciones locales europeas hacia el desarrollo sostenible : jornadas técnicas jornadas técnicas
Descripción Física:
gràf. ; 29 cm
Otros Autores:
Rieradevall, Joan
MARC
| LEADER | 00000nam a2200000Ia 4500 | ||
|---|---|---|---|
| 001 | 23556 | ||
| 008 | 160829s1997 xx 000 0 cat d | ||
| 080 | |a M-6-438 | ||
| 245 | |a Acciones de las administraciones locales europeas hacia el desarrollo sostenible : |b jornadas técnicas | ||
| 260 | |a Barcelona : |b Diputació de Barcelona. Àrea de Medi Ambient, |c 1997 | ||
| 300 | |a gràf. ; |c 29 cm | ||
| 590 | |a Jornades celebrades els dies 6, 7 i 8 d'octubre de 1997 a Vitoria-Gasteiz. | ||
| 590 | |a A la portada: Informe tècnic. Joan Rieradevall i Pons | ||
| 650 | |a Sostenibilitat |9 48960 | ||
| 650 | 0 | |a Desenvolupament sostenible |9 23028 | |
| 650 | 0 | |a Administració local |9 34286 | |
| 700 | |a Rieradevall, Joan |9 48961 | ||
| 710 | |a Barcelona (Catalunya : Província). |b Àrea de Medi Ambient |9 52987 | ||
| 901 | |a Arxiu | ||
| 942 | |n 1 | ||
| 952 | |0 0 |1 0 |4 0 |6 M6438 |7 1 |9 55002 |a Arxiu |b Arxiu |d 2012-08-08 |l 0 |o M-6-438 |p 23556 |r 2016-12-01 00:00:00 |w 2016-12-01 |y ARXIU | ||
| 999 | |c 58872 |d 58872 | ||